LIBRARY & INFORMATION CENTRE, KCAET, TAVANUR

ONLINE PUBLIC ACCESS CATALOGUE (OPAC)

Normal view MARC view
  • Manoj Mathew (guide)

Entry Personal Name

Number of records used in: 4

001 - CONTROL NUMBER

  • control field: 4211

003 - CONTROL NUMBER IDENTIFIER

  • control field: OSt

005 - DATE AND TIME OF LATEST TRANSACTION

  • control field: 20190715105733.0

008 - FIXED-LENGTH DATA ELEMENTS

  • fixed length control field: 190715|| aca||aabn | a|a d

040 ## - CATALOGING SOURCE

  • Original cataloging agency: OSt
  • Transcribing agency: OSt

100 ## - HEADING--PERSONAL NAME

  • Personal name: Manoj Mathew (guide)

670 ## - SOURCE DATA FOUND

  • Source citation: Work cat.: (OSt)15705: Sreedhara B 4204, Development and testing of a power operate pre-germinated paddy seed broadcaster, 2019
free website counter